Degrees of democracy : (Record no. 20983)
[ view plain ]
| 000 -LEADER | |
|---|---|
| fixed length control field | 01404cam a22003135a 4500 |
| 001 - CONTROL NUMBER | |
| control field | 15675264 |
| 005 - DATE AND TIME OF LATEST TRANSACTION | |
| control field | 20151026123049.0 |
| 008 - FIXED-LENGTH DATA ELEMENTS--GENERAL INFORMATION | |
| fixed length control field | 090326s2010 enka frb f001 0 eng d |
| 020 ## - INTERNATIONAL STANDARD BOOK NUMBER | |
| International Standard Book Number | 9780521687898 (pbk.) |
| 020 ## - INTERNATIONAL STANDARD BOOK NUMBER | |
| International Standard Book Number | 0521687896 (pbk.) |
| 035 ## - SYSTEM CONTROL NUMBER | |
| System control number | (OCoLC)ocn317574169 |
| 040 ## - CATALOGING SOURCE | |
| Original cataloging agency | DLC |
| Transcribing agency | DLC |
| Modifying agency | YDX |
| -- | UKM |
| -- | YDXCP |
| -- | BWX |
| -- | CDX |
| -- | VVC |
| -- | DLC |
| -- | EG-ScBUE |
| Language of cataloging | eng |
| 082 04 - DEWEY DECIMAL CLASSIFICATION NUMBER | |
| Classification number | 320.6 |
| Edition number | 22 |
| Item number | SOR |
| 100 1# - MAIN ENTRY--PERSONAL NAME | |
| Personal name | Soroka, Stuart Neil, |
| Dates associated with a name | 1970- |
| 9 (RLIN) | 38577 |
| 245 10 - TITLE STATEMENT | |
| Title | Degrees of democracy : |
| Remainder of title | politics, public opinion, and policy / |
| Statement of responsibility, etc | Stuart N. Soroka, Christopher Wlezien. |
| 260 ## - PUBLICATION, DISTRIBUTION, ETC. (IMPRINT) | |
| Place of publication, distribution, etc | Cambridge ; |
| -- | New York : |
| Name of publisher, distributor, etc | Cambridge University Press, |
| Date of publication, distribution, etc | 2010. |
| 300 ## - PHYSICAL DESCRIPTION | |
| Extent | x, 241 p. : |
| Other physical details | ill. ; |
| Dimensions | 24 cm. |
| 500 ## - GENERAL NOTE | |
| General note | Index : p. 239-241. |
| 504 ## - BIBLIOGRAPHY, ETC. NOTE | |
| Bibliography, etc | Bibliography : p. 219-237. |
| 505 0# - FORMATTED CONTENTS NOTE | |
| Formatted contents note | Public opinion and policy in representative democracy -- The thermostatic model -- Adding issues and institutions -- Public preferences and spending, a preliminary analysis -- Parameters of public responsiveness -- Public responsiveness explored -- Policy representation -- Disaggregating public responsiveness -- Degrees of democracy. |
| 650 #7 - SUBJECT ADDED ENTRY--TOPICAL TERM | |
| Topical term or geographic name as entry element | Political planning. |
| Source of heading or term | BUEsh |
| 9 (RLIN) | 30287 |
| 650 #0 - SUBJECT ADDED ENTRY--TOPICAL TERM | |
| Topical term or geographic name as entry element | Public opinion. |
| Source of heading or term | BUEsh |
| 650 #0 - SUBJECT ADDED ENTRY--TOPICAL TERM | |
| Topical term or geographic name as entry element | Representative government and representation. |
| Source of heading or term | BUEsh |
| 651 ## - SUBJECT ADDED ENTRY--GEOGRAPHIC NAME | |
| Source of heading or term | BUEsh |
| 653 ## - INDEX TERM--UNCONTROLLED | |
| Resource For college | BAEPS, Political Science |
| Arrived date list | October2015 |
| 655 ## - INDEX TERM--GENRE/FORM | |
| Form subdivision | Reading book |
| -- | 34232 |
| 700 1# - ADDED ENTRY--PERSONAL NAME | |
| Personal name | Wlezien, Christopher. |
| 942 ## - ADDED ENTRY ELEMENTS (KOHA) | |
| Source of classification or shelving scheme | Dewey Decimal Classification |
| Withdrawn status | Item status | Source of classification or shelving scheme | Damaged status | Not for loan | Vendor | Home library | Current library | Shelving location | Date acquired | Source of acquisition | Total Checkouts | Total Renewals | Full call number | Barcode | Date last seen | Date last borrowed | Koha item type |
|---|---|---|---|---|---|---|---|---|---|---|---|---|---|---|---|---|---|
| Dewey Decimal Classification | Baccah | Central Library | Central Library | First floor | 26/10/2015 | Purchase | 5 | 3 | 320.6 SOR | 000031176 | 27/10/2025 | 20/10/2025 | Book - Borrowing | ||||
| Dewey Decimal Classification | Baccah | Central Library | Central Library | First floor | 26/10/2015 | Purchase | 2 | 1 | 320.6 SOR | 000031177 | 15/07/2025 | 16/02/2022 | Book - Borrowing |